000 00593nam a2200181Ia 4500
008 100920s9999 xx 000 0 und d
082 _b65130
_a891.43 थ 85
100 _aगोपाल मदन.
245 _aजन-सम्पर्क.
260 _bसूचना और प्रसारण मन्त्रालय, भारत सरकार.
_c1985
300 _a84
_bसाधी
365 _b15
520 _aहिंदी.
630 _aजन-सम्पर्क.
650 _aहिंदी.
730 _aजन-सम्पर्क.
942 _cBOOK
999 _c708016
_d708013